| 000 | 00502cam a2200205ua 4500 | ||
|---|---|---|---|
| 001 | 9735 | ||
| 008 | 160812n ii |||gr||||Z||||||asm | ||
| 020 | _a9789381710180 | ||
| 040 | _cMAIN | ||
| 041 | _aasm | ||
| 082 | _a305.8 | ||
| 100 |
_aRajkhowa, Ajanta, _eAuthor. |
||
| 245 |
_aTai khamyang samaj aru sanskriti _cby Ajanta Rajkhowa |
||
| 250 | _a1st ed. | ||
| 260 |
_aGuwahati: _bBanphool prakashan, _c2013. |
||
| 300 | _a120p. | ||
| 653 | _aSocial groups | ||
| 653 | _aTai people | ||
| 942 | _cBK | ||
| 999 |
_c8748 _d8748 |
||